|
|
|
|
| LEADER |
01168ppm a22002658a 4500 |
| 001 |
00046389 |
| 005 |
20210127090145.0 |
| 008 |
170228s2013 ||||||Viesd |
| 041 |
0 |
# |
|a Vie
|
| 082 |
1 |
4 |
|a 305.895 932
|b CH501KH
|
| 100 |
1 |
# |
|a Mai, Công Tài
|
| 245 |
0 |
0 |
|a Chùa Khmer Sóc Trăng từ thế kỷ XIII đến nửa đầu thế kỉ XIX
|b Luận văn thạc sĩ Khoa học Lịch sử. Chuyên ngành: Lịch sử Việt Nam. Mã số: 8.22.90.13
|c Mai Công Tài; Nguyễn Trọng Minh(hướng dẫn)
|
| 260 |
# |
# |
|a Đồng Tháp
|b Đại học Đồng Tháp
|c 2020
|
| 300 |
# |
# |
|a 112 tr. + phụ lục
|c 30 cm.
|e 1 bản tóm tắt
|
| 500 |
# |
# |
|a ĐTTS ghi: Bộ giáo dục và đào tạo. Trường Đại học Đồng Tháp
|
| 653 |
# |
# |
|a Chùa Khmer
|
| 653 |
# |
# |
|a Văn hóa
|
| 653 |
# |
# |
|a Thế kỉ XIX
|
| 653 |
# |
# |
|a Luận văn
|
| 653 |
# |
# |
|a Lịch sử
|
| 653 |
# |
# |
|a Sóc Trăng
|
| 700 |
1 |
# |
|a Nguyễn, Trọng Minh
|e Hướng dẫn
|
| 852 |
# |
# |
|j LV.0002094
|
| 910 |
# |
# |
|d 26/01/2021
|
| 980 |
# |
# |
|a Trung tâm Học liệu Lê Vũ Hùng, Trường Đại học Đồng Tháp
|